<?xml version="1.0" encoding="UTF-8"?><?xml-stylesheet type="text/xsl" href="static/style.xsl"?><OAI-PMH xmlns="http://www.openarchives.org/OAI/2.0/" xmlns:xsi="http://www.w3.org/2001/XMLSchema-instance" xsi:schemaLocation="http://www.openarchives.org/OAI/2.0/ http://www.openarchives.org/OAI/2.0/OAI-PMH.xsd"><responseDate>2026-04-14T02:08:47Z</responseDate><request verb="GetRecord" identifier="oai:www.recercat.cat:20.500.12328/5139" metadataPrefix="marc">https://recercat.cat/oai/request</request><GetRecord><record><header><identifier>oai:recercat.cat:20.500.12328/5139</identifier><datestamp>2025-11-19T02:55:59Z</datestamp><setSpec>com_2072_67741</setSpec><setSpec>col_2072_484352</setSpec></header><metadata><record xmlns="http://www.loc.gov/MARC21/slim" xmlns:dcterms="http://purl.org/dc/terms/" xmlns:xsi="http://www.w3.org/2001/XMLSchema-instance" xmlns:doc="http://www.lyncode.com/xoai" xsi:schemaLocation="http://www.loc.gov/MARC21/slim http://www.loc.gov/standards/marcxml/schema/MARC21slim.xsd">
   <leader>00925njm 22002777a 4500</leader>
   <datafield ind2=" " ind1=" " tag="042">
      <subfield code="a">dc</subfield>
   </datafield>
   <datafield ind2=" " ind1=" " tag="720">
      <subfield code="a">Salomón Sancho, Lourdes</subfield>
      <subfield code="e">author</subfield>
   </datafield>
   <datafield ind2=" " ind1=" " tag="720">
      <subfield code="a">Delgado García, Ana María</subfield>
      <subfield code="e">author</subfield>
   </datafield>
   <datafield ind2=" " ind1=" " tag="720">
      <subfield code="a">Oliver Cuello, Rafael</subfield>
      <subfield code="e">author</subfield>
   </datafield>
   <datafield ind2=" " ind1=" " tag="260">
      <subfield code="c">2008-04</subfield>
   </datafield>
   <datafield ind2=" " ind1=" " tag="520">
      <subfield code="a">Europa constituye, sin duda, una sociedad multicultural. Por este motivo, es preciso que la universidad europea inicie su reflexión sobre la formación multicultural de sus estudiantes y ciudadanos europeos. A una nueva sociedad, debe corresponderle una nueva universidad. La universidad del siglo XXI debe servir a la nueva sociedad del conocimiento en que se ha transformado la sociedad europea. El Espacio Europeo de Educación Superior (EEES) tiene como objetivo que la universidad del futuro milenio dé respuestas a las nuevas exigencias de la sociedad. En este trabajo destacamos un aspecto que, a nuestro entender, ha quedado algo olvidado y es que en el EEES adquieren una especial relevancia los valores en los que formar a los estudiantes universitarios. De ahí que una competencia relevante en este nuevo contexto sea la del respeto a la diversidad y a la multiculturalidad. Nuestra propuesta de aula virtual multicultural pretende iniciar el debate sobre la posibilidad real de ofrecer una asignatura entre estudiantes de Derecho europeos sobre los problemas jurídicos que plantea la multiculturalidad en diferentes lenguas mediante la creación de un aula plurilingüe y multicultural. Esta aula se constituye en una plataforma idónea para la integración de estudiantes no sólo que utilizan diferentes lenguas, sino sobre todo que pertenecen a diferentes culturas. De esta forma, de un aula plurilingüe nos encontramos en disposición de ir hacia un aula multicultural.</subfield>
   </datafield>
   <datafield ind1="8" ind2=" " tag="024">
      <subfield code="a">Salomón Sancho, Lourdes; Delgado García, Ana María y Oliver Cuello, Rafael. De un aula virtual plurilingüe a un aula multicultural. Una aproximación desde la perspectiva de la Ciencia Jurídica Europea. Revista de Universidad y Sociedad del Conocimiento, 2008, 5(1). Disponible en &lt;https://rusc.uoc.edu/rusc/es/index.php/rusc/article/view/v5n1-salomon-delgado-oliver.html>. Fecha de acceso: 17 nov. 2008. DOI: 10.7238/rusc.v5i1.317</subfield>
   </datafield>
   <datafield ind1="8" ind2=" " tag="024">
      <subfield code="a">1698-580x</subfield>
   </datafield>
   <datafield ind1="8" ind2=" " tag="024">
      <subfield code="a">http://hdl.handle.net/20.500.12328/5139</subfield>
   </datafield>
   <datafield ind1="8" ind2=" " tag="024">
      <subfield code="a">10.7238/rusc.v5i1.317</subfield>
   </datafield>
   <datafield tag="653" ind2=" " ind1=" ">
      <subfield code="a">Multiculturalidad</subfield>
   </datafield>
   <datafield tag="653" ind2=" " ind1=" ">
      <subfield code="a">e-learning</subfield>
   </datafield>
   <datafield tag="653" ind2=" " ind1=" ">
      <subfield code="a">Educación jurídica europea</subfield>
   </datafield>
   <datafield tag="653" ind2=" " ind1=" ">
      <subfield code="a">EEES</subfield>
   </datafield>
   <datafield tag="653" ind2=" " ind1=" ">
      <subfield code="a">Multiculturality</subfield>
   </datafield>
   <datafield tag="653" ind2=" " ind1=" ">
      <subfield code="a">European legal education</subfield>
   </datafield>
   <datafield tag="653" ind2=" " ind1=" ">
      <subfield code="a">EHEA</subfield>
   </datafield>
   <datafield tag="653" ind2=" " ind1=" ">
      <subfield code="a">Multiculturalitat</subfield>
   </datafield>
   <datafield tag="653" ind2=" " ind1=" ">
      <subfield code="a">Educació jurídica europea</subfield>
   </datafield>
   <datafield ind2="0" ind1="0" tag="245">
      <subfield code="a">De un aula virtual plurilingüe a un aula multicultural. Una aproximación desde la perspectiva de la Ciencia Jurídica Europea</subfield>
   </datafield>
</record></metadata></record></GetRecord></OAI-PMH>